000 01916nam a2200469 c 4500
001 1931817146
003 DE-627
005 20250930112018.0
007 cr uuu---uuuuu
008 250725s2023 xx |||||o 00| ||ger c
020 _a9783842085503
_cEPUB
024 7 _aurn:nbn:de:gbv:18-epflicht-9783
_2urn
035 _a(DE-627)1931817146
035 _a(DE-599)KEP11729635X
035 _a(EPFHH)cc01b766-e2f4-4c31-94c6-d78a91454f9e
035 _a(EPFHH-TOKYOPOP)1040092122_9783842085503
035 _a(DE-627-1)11729635X
040 _aDE-627
_bger
_cDE-627
_erda
041 _ager
_hjpn
072 7 _a9182
_2wsb
082 0 4 _a741.5
_qDE-576
245 0 0 _aCall of the Night, Band 03
_cKotoyama
264 1 _aHamburg
_bTOKYOPOP Verlag
_c2023
300 _a1 Online-Ressource (192 S.)
336 _aText
_btxt
_2rdacontent
337 _aComputermedien
_bc
_2rdamedia
338 _aOnline-Ressource
_bcr
_2rdacarrier
490 0 _aCall of the Night
_v3
520 _aKou lernt eine Gruppe von Vampiren kennen, die ihn über seine Beziehung zu Nazuna ausfragt. Als ihnen klar wird, dass Kous Freundin sich nicht bemüht, sein Herz zu gewinnen und ihn so zum Vampir zu machen, findet sich Kou plötzlich in einer lebensgefährlichen Situation wieder. Denn die Gemeinschaft der Blutsauger ist bereit, ihre geheime Existenz mit allen Mitteln zu verteidigen ...
583 1 _aArchivierung/Langzeitarchivierung gewährleistet
_fPEHH
_kDE-576
_2pdager
_5DE-18
650 4 _aMystery
650 4 _aRomance
650 4 _aSlice of Life
650 4 _aSupernatural
650 4 _aVampire
700 0 _aKotoyama
_eVerfasserIn
_4aut
776 1 _z9783842082571
776 0 8 _iErscheint auch als
_nDruck-Ausgabe
_z9783842082571
856 4 0 _uhttps://nbn-resolving.org/urn:nbn:de:gbv:18-epflicht-9783
_mX:EPF
_qapplication/epub+zip
_zlizenzpflichtig
942 _2ddc
_cMGA
_n0
951 _aBO
999 _c1359
_d1359